| 000 | 00394nam a22001217a 4500 | ||
|---|---|---|---|
| 008 | 230621b xxu||||| |||| 00| 0 eng d | ||
| 082 |
_a328.68 _bHAN |
||
| 100 | _cParliament of the republic of Namibia | ||
| 245 |
_aParliament of the republic of Namibia Hansard _bOfficial Report of the Debates of the Second National Council _cVolume 9 |
||
| 300 | _a140p | ||
| 440 | _vvolume 9 | ||
| 942 |
_2ddc _cBK |
||
| 999 |
_c2181 _d2181 |
||